000
00199 a2200097 4500
001
41405
100
_a
Wragg, D
245
_a
Speed in the air
260
_a
London
_b
Ospray
_c
090
_c
25581
_d
25581
942
_a
NUST-CAE
_c
M
_c
17315
999
_c
276478
_d
276478